书目信息 |
| 题名: |
学习《毛泽东选集》第一卷
|
|
| 作者: | 郑昌 , 沈志远 , 李达 编 | |
| 分册: | ||
| 出版信息: | 新建设杂志社 1952 |
|
| 页数: | 188页 | |
| 开本: | 21cm | |
| 丛书名: | ||
| 单 册: | ||
| 中图分类: | A841.1 | |
| 科图分类: | ||
| 主题词: | 毛泽东著作--学习 , 毛泽东著作研究 | |
| 电子资源: | ||
| ISBN: | ||
| 000 | 00656nam0 2200217 450 | |
| 001 | 0660602547 | |
| 005 | 20060727094210.51 | |
| 010 | @dCNY0.70 | |
| 100 | @a20060726d1952 km y0chiy0120 ea | |
| 101 | 0 | @achi |
| 200 | 1 | @a学习《毛泽东选集》第一卷@Axue xi《mao ze dong xuan ji》di yi juan@f郑昌,沈志远,李达等编@Fzheng chang,shen zhi yuan,li da deng bian |
| 210 | @c新建设杂志社@d1952 | |
| 215 | @a188页@d21cm | |
| 606 | 0 | @a毛泽东著作@x学习 |
| 606 | 0 | @a毛泽东著作研究 |
| 690 | @aA841.1@v3 | |
| 701 | 0 | @a郑昌@Azheng chang@4编 |
| 701 | 0 | @a沈志远@Ashen zhi yuan@4编 |
| 701 | 0 | @a李达@Ali da@4编 |
| 801 | 0 | @aCN@bPFT@c20060727 |
| 905 | @a10447@dA841.1@e73 | |
| 学习《毛泽东选集》第一卷/郑昌,沈志远,李达等编.-新建设杂志社,1952 |
| 188页;21cm |
| ISBN :CNY0.70 |
| ● |
| 相关链接 |
|
|
|
|
正题名:学习《毛泽东选集》第一卷
索取号:A841.1/73
 
预约/预借
| 序号 | 登录号 | 条形码 | 馆藏地/架位号 | 状态 | 备注 |
| 1 | 0439768 | 204397688 | 密集书库/ [索取号:A841.1/73] | 在馆 |